| 000 | 00693nam a2200205 4500 | ||
|---|---|---|---|
| 001 | 131772 | ||
| 003 | ES-MaACL | ||
| 005 | 20251122063124.0 | ||
| 007 | t| | ||
| 008 | 070214s1917 sp r ||||1| spa d | ||
| 080 | _a821.134.2-14"19" | ||
| 100 | 1 |
_aRodríguez Marín, Francisco, _d1855-1943 _998634 |
|
| 245 | 1 | 0 |
_aMadrigales / _cde Francisco Rodríguez Marín. |
| 250 | _a3ª ed., con la traducción latina en verso por el Rvdo. P. Jerónimo Córdoba. | ||
| 260 |
_aMadrid : _b[s. n.], _c1917 ( _fTip. de la Revista de Arch. Bibl. y Museos) |
||
| 300 |
_a65 p. ; _c25 cm. |
||
| 700 | 1 |
_aCórdoba, Jerónimo. _940540 |
|
| 852 |
_aES-MaACL _j1519-F-15 |
||
| 999 |
_c131772 _d131772 |
||